| 000 | 00382 a2200157 4500 | ||
|---|---|---|---|
| 001 | 49823 | ||
| 020 | _a9788538054207 | ||
| 040 | _cAnchieta - Bela Vista | ||
| 100 | _aShields, Gillian | ||
| 240 | 1 | 0 |
_aQuando o mundo se prepara para dormir _lpor |
| 245 | 1 | 0 | _aQuando o mundo se prepara para dormir |
| 300 | _a32 | ||
| 362 | 0 | _a2014 | |
| 650 | 4 | _aLiteratura infantil | |
| 942 | _cBK | ||
| 999 |
_c49823 _d49823 |
||